| 000 | 00794nam a22002412 4500 | ||
|---|---|---|---|
| 001 | 0000018908 | ||
| 005 | 20151217145909.0 | ||
| 008 | 100815s xx 000 0 eng d | ||
| 020 | _a0070611904 : | ||
| 040 |
_aKABU _cKABU |
||
| 100 | 1 |
_aHavaldar, Krishna. _@0000178382 |
|
| 245 | 1 | 0 |
_aSales and distribution management : _btexts and cases / _cKrishna Havaldar, Vasant M. Cavale. |
| 250 | _a1st ed. | ||
| 260 |
_aNew Delhi : _bTata McGraw-Hill, _c2007. |
||
| 300 | _avarious paging. | ||
| 650 | 0 |
_aSales Management. _@0000151581 |
|
| 650 | 0 |
_aMarketing channels. _@0000151454 |
|
| 650 | 0 |
_aPhysical distribution of goods. _@0000158196 |
|
| 700 | 1 |
_aCavale, Vasant M. _@0000178383 |
|
| 852 | 1 | _9p1950 KES | |
| 908 | _a100815 | ||
| 950 | _@1 | ||
| 999 |
_c3830 _d3830 |
||